History - American | 2 | 3 | 0 | 0 | 60 | 51 | 73.20 | 0 | 1 |
History - Cross, Historiography, and Miscellaneous | 0 | 6 | 0 | 0 | 60 | 66 | 94.33 | 0 | 1 |
History - European | 1 | 4 | 0 | 0 | 55 | 50 | 86.40 | 0 | 0 |
Current Events - U.S. | 2 | 1 | 0 | 0 | 40 | 40 | 56.67 | 1 | 1 |
History - World | 2 | 1 | 0 | 0 | 40 | 56 | 64.67 | 0 | 0 |
Social Science - Psychology | 0 | 3 | 0 | 0 | 30 | 62 | 80.33 | 0 | 0 |
RMP - Hinduism | 1 | 1 | 0 | 0 | 25 | 50 | 67.00 | 1 | 1 |
Science - Biology | 1 | 1 | 0 | 0 | 25 | 35 | 75.00 | 0 | 1 |
Current Events - World | 0 | 2 | 0 | 0 | 20 | 73 | 92.00 | 0 | 0 |
Other - Other Academic and General Knowledge | 0 | 2 | 0 | 0 | 20 | 116 | 121.50 | 0 | 0 |
RMP - World Mythology | 0 | 2 | 0 | 0 | 20 | 101 | 112.00 | 0 | 0 |
Fine Arts - Music | 0 | 1 | 0 | 0 | 10 | 113 | 113.00 | 0 | 0 |
Literature - American | 0 | 1 | 0 | 0 | 10 | 123 | 123.00 | 0 | 0 |
Social Science - Economics | 0 | 1 | 0 | 0 | 10 | 100 | 100.00 | 0 | 0 |
Fine Arts - Painting | 0 | 1 | 0 | 0 | 10 | 114 | 114.00 | 0 | 0 |
Fine Arts - Miscellaneous | 0 | 1 | 0 | 0 | 10 | 109 | 109.00 | 0 | 0 |
Social Science - Linguistics | 0 | 1 | 0 | 0 | 10 | 106 | 106.00 | 0 | 0 |
Fine Arts - Photography | 0 | 1 | 0 | 0 | 10 | 90 | 90.00 | 0 | 0 |
RMP - Philosophy | 0 | 1 | 0 | 0 | 10 | 88 | 88.00 | 0 | 0 |
Fine Arts - Sculpture | 0 | 1 | 0 | 0 | 10 | 133 | 133.00 | 0 | 0 |
Geography - World | 0 | 1 | 0 | 0 | 10 | 131 | 131.00 | 0 | 0 |
Literature - British | 0 | 0 | 0 | 0 | 0 | | 0.00 | 0 | 0 |
Science - Physics | 0 | 0 | 0 | 0 | 0 | | 0.00 | 0 | 0 |
Science - Engineering and Miscellaneous | 0 | 0 | 0 | 0 | 0 | | 0.00 | 0 | 0 |